[Event "3e Open de Bastia"]
[Site "Bastia"]
[Date "2023.07.10"]
[Round "6.5"]
[White "Degraeve, Remy"]
[Black "Roux, Baptiste"]
[Result "1-0"]
[BlackElo "2288"]
[WhiteElo "2467"]
[LiveChessVersion "1.4.6"]

1. e4 {[%clk 0:15:03]} c5 {[%clk 0:15:04]} 2. Nf3 {[%clk 0:15:05]} Nc6
{[%clk 0:15:06]} 3. Bb5 {[%clk 0:15:07]} e6 {[%clk 0:15:08]} 4. Bxc6
{[%clk 0:15:09]} bxc6 {[%clk 0:15:10]} 5. d3 {[%clk 0:15:11]} Ne7
{[%clk 0:15:11]} 6. Nbd2 {[%clk 0:15:12]} f6 {[%clk 0:15:00]} 7. h4
{[%clk 0:15:14]} h5 {[%clk 0:14:53]} 8. e5 {[%clk 0:15:12]} Ng6 {[%clk 0:14:53]}
9. Qe2 {[%clk 0:15:12]} Be7 {[%clk 0:14:50]} 10. Qe4 {[%clk 0:14:56]} Kf7
{[%clk 0:14:50]} 11. Nc4 {[%clk 0:14:24]} Ba6 {[%clk 0:14:36]} 12. Bf4
{[%clk 0:13:40]} Bxc4 {[%clk 0:12:13]} 13. dxc4 {[%clk 0:13:42]} Qa5+
{[%clk 0:11:55]} 14. Bd2 {[%clk 0:13:36]} Qb6 {[%clk 0:11:57]} 15. Bc3
{[%clk 0:13:05]} fxe5 {[%clk 0:09:38]} 16. Nxe5+ {[%clk 0:12:54]} Nxe5
{[%clk 0:09:40]} 17. Bxe5 {[%clk 0:12:53]} Bf6 {[%clk 0:09:28]} 18. O-O-O
{[%clk 0:12:22]} d5 {[%clk 0:09:19]} 19. Qf4 {[%clk 0:12:23]} Rh6
{[%clk 0:08:43]} 20. Rh3 {[%clk 0:11:32]} Rg6 {[%clk 0:08:03]} 21. Rb3
{[%clk 0:09:15]} Qa6 {[%clk 0:07:00]} 22. Bxf6 {[%clk 0:09:15]} Rxf6
{[%clk 0:06:58]} 23. Qc7+ {[%clk 0:09:17]} Kg8 {[%clk 0:06:59]} 24. Rb7
{[%clk 0:09:15]} Rg6 {[%clk 0:07:00]} 25. Qf7+ {[%clk 0:08:11]} Kh7
{[%clk 0:07:02]} 26. Re1 {[%clk 0:01:55]} Qxc4 {[%clk 0:04:28]} 27. g3
{[%clk 0:01:58]} Qg4 {[%clk 0:04:08]} 28. Re5 {[%clk 0:01:54]} Kh6
{[%clk 0:02:36]} 29. a3 {[%clk 0:01:44]} c4 {[%clk 0:02:08]} 30. Kb1
{[%clk 0:01:20]} Qd1+ 31. Ka2 Qxc2 {[%clk 0:01:30]} 32. Qf4+ {[%clk 0:01:24]} Kh7
{[%clk 0:01:21]} 33. Rxh5+ {[%clk 0:01:26]} 1-0

[Event "3e Open de Bastia"]
[Site "Bastia"]
[Date "2023.07.10"]
[Round "6.6"]
[White "Bonelli Maestracci, Pierre Joseph"]
[Black "Bulmaga, Irina"]
[Result "0-1"]
[BlackElo "2416"]
[WhiteElo "1893"]
[LiveChessVersion "1.4.6"]

1. e4 {[%clk 0:15:05]} e5 {[%clk 0:15:04]} 2. Nf3 {[%clk 0:15:07]} Nc6
{[%clk 0:15:05]} 3. Bb5 {[%clk 0:15:09]} g6 {[%clk 0:15:05]} 4. O-O
{[%clk 0:14:58]} Bg7 {[%clk 0:15:06]} 5. c3 {[%clk 0:14:51]} a6 {[%clk 0:15:06]}
6. Ba4 {[%clk 0:14:44]} d6 {[%clk 0:15:03]} 7. h3 {[%clk 0:13:17]} Nf6
{[%clk 0:14:52]} 8. Re1 {[%clk 0:13:09]} b5 {[%clk 0:14:49]} 9. Bc2
{[%clk 0:12:56]} O-O {[%clk 0:14:45]} 10. d4 {[%clk 0:12:52]} exd4
{[%clk 0:14:45]} 11. Nxd4 {[%clk 0:12:47]} Bb7 {[%clk 0:14:24]} 12. a4
{[%clk 0:12:14]} Re8 {[%clk 0:14:12]} 13. f3 {[%clk 0:10:19]} d5 {[%clk 0:12:56]}
14. Nxc6 {[%clk 0:08:08]} Bxc6 {[%clk 0:12:57]} 15. axb5 {[%clk 0:08:08]} axb5
{[%clk 0:12:52]} 16. Rxa8 {[%clk 0:08:03]} Bxa8 {[%clk 0:12:41]} 17. exd5
{[%clk 0:07:52]} Bxd5 {[%clk 0:11:46]} 18. Bg5 {[%clk 0:07:16]} Rxe1+
{[%clk 0:11:20]} 19. Qxe1 {[%clk 0:07:19]} Qd6 {[%clk 0:11:04]} 20. Nd2
{[%clk 0:06:52]} h6 {[%clk 0:10:55]} 21. Bh4 {[%clk 0:05:24]} b4 {[%clk 0:10:24]}
22. Ne4 {[%clk 0:03:45]} Nxe4 {[%clk 0:10:02]} 23. fxe4 {[%clk 0:03:42]} Be6
{[%clk 0:09:42]} 24. cxb4 {[%clk 0:03:11]} Bxb2 {[%clk 0:09:34]} 25. Bf2
{[%clk 0:03:09]} Qe5 {[%clk 0:09:03]} 26. Qe2 {[%clk 0:01:22]} Qc3
{[%clk 0:08:05]} 27. Be1 {[%clk 0:01:04]} Qd4+ {[%clk 0:08:02]} 28. Qf2
{[%clk 0:00:55]} Qc4 {[%clk 0:07:41]} 29. Qd2 {[%clk 0:00:53]} Kh7
{[%clk 0:07:01]} 30. Bd3 {[%clk 0:00:35]} Bd4+ {[%clk 0:06:32]} 31. Kh1
{[%clk 0:00:17]} Qc6 {[%clk 0:06:22]} 32. b5 {[%clk 0:00:11]} Qd7
{[%clk 0:06:10]} 33. Bf1 {[%clk 0:00:09]} Qd6 {[%clk 0:05:54]} 34. Bf2
{[%clk 0:00:08]} Bxf2 {[%clk 0:05:53]} 35. Qxf2 {[%clk 0:00:10]} Qe5
{[%clk 0:05:43]} 36. Qf3 {[%clk 0:00:09]} Kg7 {[%clk 0:05:42]} 37. Bd3
{[%clk 0:00:08]} h5 {[%clk 0:04:50]} 38. Qe2 {[%clk 0:00:10]} Bd7
{[%clk 0:04:38]} 39. Bc4 {[%clk 0:00:10]} Bc8 {[%clk 0:03:57]} 40. Bd5
{[%clk 0:00:11]} f5 {[%clk 0:03:21]} 41. Qc4 {[%clk 0:00:12]} fxe4
{[%clk 0:02:57]} 42. Qxe4 {[%clk 0:00:14]} Qxe4 {[%clk 0:01:56]} 43. Bxe4
{[%clk 0:00:16]} Bd7 {[%clk 0:01:58]} 44. Bd3 {[%clk 0:00:19]} Kf6 45. Kg1 Bf5
{[%clk 0:01:34]} 46. Be2 {[%clk 0:00:13]} Ke5 {[%clk 0:01:32]} 47. Kf2
{[%clk 0:00:16]} Kd4 {[%clk 0:01:24]} 48. g4 {[%clk 0:00:14]} hxg4
{[%clk 0:01:14]} 49. hxg4 {[%clk 0:00:13]} Bd3 {[%clk 0:01:09]} 50. Bd1
{[%clk 0:00:13]} Bxb5 {[%clk 0:01:02]} 51. Kg3 {[%clk 0:00:13]} g5
{[%clk 0:01:03]} 52. Kf2 {[%clk 0:00:11]} Bd3 {[%clk 0:01:03]} 53. Kf3
{[%clk 0:00:12]} c5 {[%clk 0:01:04]} 0-1

[Event "3e Open de Bastia"]
[Site "Bastia"]
[Date "2023.07.10"]
[Round "6.7"]
[White "Utrera, Ludovic"]
[Black "Yankelevich, Lev"]
[Result "0-1"]
[BlackElo "2442"]
[WhiteElo "2069"]
[LiveChessVersion "1.4.6"]

1. e4 {[%clk 0:15:05]} c6 {[%clk 0:14:58]} 2. d4 {[%clk 0:15:05]} d5
{[%clk 0:15:00]} 3. Nd2 {[%clk 0:15:04]} dxe4 {[%clk 0:14:59]} 4. Nxe4
{[%clk 0:15:06]} Nf6 {[%clk 0:15:01]} 5. Nxf6+ {[%clk 0:15:08]} exf6
{[%clk 0:15:02]} 6. c3 {[%clk 0:15:09]} Bd6 {[%clk 0:15:02]} 7. Bd3
{[%clk 0:15:11]} O-O {[%clk 0:15:01]} 8. Qc2 {[%clk 0:15:13]} Re8+
{[%clk 0:15:03]} 9. Ne2 {[%clk 0:15:15]} h5 {[%clk 0:15:05]} 10. Be3
{[%clk 0:14:51]} Nd7 {[%clk 0:15:05]} 11. O-O-O {[%clk 0:14:50]} b5
{[%clk 0:15:07]} 12. Ng3 {[%clk 0:14:38]} Nb6 {[%clk 0:14:49]} 13. Nxh5
{[%clk 0:12:11]} Bg4 {[%clk 0:10:43]} 14. Be2 {[%clk 0:12:13]} Qd7
{[%clk 0:10:07]} 15. Bxg4 {[%clk 0:09:56]} Qxg4 {[%clk 0:10:06]} 16. Ng3
{[%clk 0:09:57]} Nd5 {[%clk 0:09:14]} 17. Nf5 {[%clk 0:09:54]} Bf4
{[%clk 0:08:21]} 18. Bxf4 {[%clk 0:07:15]} Qxf4+ {[%clk 0:07:43]} 19. Kb1
{[%clk 0:07:11]} b4 {[%clk 0:07:44]} 20. g3 {[%clk 0:06:35]} Qg5 {[%clk 0:03:52]}
21. Nd6 {[%clk 0:03:08]} Re6 {[%clk 0:03:45]} 22. Ne4 {[%clk 0:03:08]} Qg4
{[%clk 0:03:43]} 23. Nc5 {[%clk 0:02:58]} Re2 {[%clk 0:03:40]} 24. Rd2
{[%clk 0:02:51]} Rae8 {[%clk 0:02:55]} 25. Nd3 bxc3 {[%clk 0:02:44]} 26. bxc3
{[%clk 0:01:50]} Rxd2 {[%clk 0:02:24]} 27. Qxd2 {[%clk 0:01:52]} Re2 28. Qc1 Qe4
{[%clk 0:02:23]} 29. Rd1 {[%clk 0:01:57]} Rxf2 {[%clk 0:02:19]} 30. Ka1
{[%clk 0:01:48]} Rxh2 {[%clk 0:02:12]} 31. Rd2 {[%clk 0:00:57]} Rh1
{[%clk 0:02:09]} 32. Rd1 {[%clk 0:01:00]} Rxd1 {[%clk 0:02:05]} 33. Qxd1
{[%clk 0:01:03]} Nxc3 {[%clk 0:02:05]} 34. Qc2 {[%clk 0:01:03]} Qxd4
{[%clk 0:02:02]} 35. Kb2 {[%clk 0:00:55]} Ne4+ {[%clk 0:01:35]} 36. Ka3 c5
{[%clk 0:01:33]} 37. Kb3 {[%clk 0:00:33]} c4+ {[%clk 0:01:31]} 0-1

[Event "3e Open de Bastia"]
[Site "Bastia"]
[Date "2023.07.10"]
[Round "6.8"]
[White "Anwesh, Upadhyaya"]
[Black "Pieri, Pierre-Louis"]
[Result "1-0"]
[BlackElo "2089"]
[WhiteElo "2356"]
[LiveChessVersion "1.4.6"]

1. e4 {[%clk 0:15:02]} e6 {[%clk 0:15:05]} 2. d4 {[%clk 0:14:59]} d5
{[%clk 0:15:07]} 3. Nc3 {[%clk 0:15:00]} Bb4 {[%clk 0:15:08]} 4. exd5
{[%clk 0:15:00]} exd5 {[%clk 0:15:08]} 5. Bd3 {[%clk 0:15:02]} Nf6
{[%clk 0:14:51]} 6. Nge2 {[%clk 0:15:03]} O-O {[%clk 0:14:46]} 7. Bg5
{[%clk 0:15:03]} c6 {[%clk 0:14:44]} 8. Qd2 {[%clk 0:15:04]} Bd6 {[%clk 0:14:08]}
9. O-O-O {[%clk 0:14:57]} b6 {[%clk 0:14:09]} 10. Ng3 {[%clk 0:14:38]} Qc7
{[%clk 0:10:26]} 11. Kb1 {[%clk 0:14:25]} Nbd7 {[%clk 0:09:45]} 12. Nf5
{[%clk 0:14:22]} a5 {[%clk 0:09:06]} 13. Rde1 {[%clk 0:13:07]} Re8
{[%clk 0:08:14]} 14. g3 {[%clk 0:11:29]} Bf8 {[%clk 0:06:29]} 15. h4
{[%clk 0:11:08]} Rxe1+ {[%clk 0:06:21]} 16. Rxe1 {[%clk 0:11:09]} Ba6
{[%clk 0:06:22]} 17. Bxa6 {[%clk 0:10:38]} Rxa6 {[%clk 0:06:23]} 18. Bf4
{[%clk 0:10:17]} Qa7 {[%clk 0:05:57]} 19. Ne7+ {[%clk 0:09:32]} Bxe7
{[%clk 0:05:09]} 20. Rxe7 {[%clk 0:09:33]} b5 {[%clk 0:05:00]} 21. Bd6
{[%clk 0:09:04]} Qa8 {[%clk 0:04:00]} 22. Qe2 {[%clk 0:08:50]} Ra7
{[%clk 0:03:11]} 23. f3 {[%clk 0:08:27]} Nf8 {[%clk 0:02:51]} 24. g4
{[%clk 0:07:14]} Ne6 {[%clk 0:02:22]} 25. g5 {[%clk 0:07:10]} Rxe7
{[%clk 0:02:08]} 26. Bxe7 {[%clk 0:07:05]} Nh5 {[%clk 0:01:44]} 27. Qe5
{[%clk 0:06:40]} Nhf4 {[%clk 0:01:16]} 28. Bc5 {[%clk 0:05:31]} Ng6
{[%clk 0:01:16]} 29. Qg3 {[%clk 0:05:31]} Nxc5 {[%clk 0:01:14]} 30. dxc5
{[%clk 0:05:33]} a4 {[%clk 0:00:41]} 31. a3 {[%clk 0:05:24]} Qe8 {[%clk 0:00:27]}
32. h5 {[%clk 0:05:17]} Ne5 {[%clk 0:00:25]} 33. Qe1 {[%clk 0:05:07]} Kf8
{[%clk 0:00:28]} 34. Qg3 {[%clk 0:04:57]} Nc4 {[%clk 0:00:28]} 35. h6
{[%clk 0:04:15]} gxh6 {[%clk 0:00:20]} 36. gxh6 {[%clk 0:04:16]} Qe5
{[%clk 0:00:22]} 37. f4 {[%clk 0:03:38]} Qf6 {[%clk 0:00:24]} 38. Qh3
{[%clk 0:02:59]} Qe6 {[%clk 0:00:20]} 39. Qh4 {[%clk 0:02:53]} d4
{[%clk 0:00:14]} 40. Qd8+ {[%clk 0:02:47]} Qe8 {[%clk 0:00:16]} 41. Qxd4
{[%clk 0:02:45]} Qe6 {[%clk 0:00:07]} 42. Qh8+ {[%clk 0:02:15]} Ke7
{[%clk 0:00:09]} 43. Qxh7 {[%clk 0:01:30]} Qe1+ {[%clk 0:00:08]} 44. Ka2
{[%clk 0:01:31]} Nd2 {[%clk 0:00:10]} 45. Qf5 {[%clk 0:00:56]} Kf8
{[%clk 0:00:12]} 46. Qc8+ {[%clk 0:00:37]} Ke7 {[%clk 0:00:13]} 47. Qxc6
{[%clk 0:00:35]} Qc1 {[%clk 0:00:09]} 48. Qd6+ {[%clk 0:00:24]} Ke8
{[%clk 0:00:12]} 49. h7 {[%clk 0:00:13]} Qh1 {[%clk 0:00:11]} 50. h8=Q+
{[%clk 0:00:13]} Qxh8 {[%clk 0:00:13]} 51. Qb8+ {[%clk 0:00:15]} 1-0

[Event "3e Open de Bastia"]
[Site "Bastia"]
[Date "2023.07.10"]
[Round "7.1"]
[White "Collutiis, Duilio"]
[Black "Relange, Eloi"]
[Result "0-1"]
[BlackElo "2462"]
[WhiteElo "2341"]
[LiveChessVersion "1.4.6"]

1. d4 {[%clk 0:15:04]} d6 {[%clk 0:15:05]} 2. e4 {[%clk 0:14:59]} Nf6
{[%clk 0:15:05]} 3. Nc3 {[%clk 0:15:01]} e5 {[%clk 0:15:07]} 4. Nf3
{[%clk 0:14:39]} Nbd7 {[%clk 0:15:08]} 5. Bc4 {[%clk 0:14:41]} Be7
{[%clk 0:15:09]} 6. O-O {[%clk 0:14:41]} O-O {[%clk 0:15:09]} 7. a4
{[%clk 0:14:41]} c6 {[%clk 0:15:10]} 8. Re1 {[%clk 0:14:02]} exd4
{[%clk 0:15:08]} 9. Nxd4 {[%clk 0:14:03]} Ne5 {[%clk 0:15:08]} 10. Be2
{[%clk 0:13:59]} Re8 {[%clk 0:14:58]} 11. a5 {[%clk 0:13:52]} Bd7
{[%clk 0:14:50]} 12. f4 {[%clk 0:13:24]} Ng6 {[%clk 0:14:51]} 13. g3
{[%clk 0:13:26]} Bf8 {[%clk 0:14:14]} 14. Bf3 {[%clk 0:13:27]} b5
{[%clk 0:13:51]} 15. e5 {[%clk 0:12:17]} dxe5 {[%clk 0:12:13]} 16. Nxc6
{[%clk 0:12:18]} Qc8 {[%clk 0:12:09]} 17. Nxe5 {[%clk 0:12:07]} Nxe5
{[%clk 0:11:47]} 18. fxe5 {[%clk 0:12:08]} Ng4 {[%clk 0:11:36]} 19. e6
{[%clk 0:11:00]} Qc5+ {[%clk 0:09:10]} 20. Kg2 {[%clk 0:07:50]} Qf2+
{[%clk 0:06:09]} 21. Kh3 {[%clk 0:07:51]} Qxh2+ {[%clk 0:03:55]} 22. Kxg4
{[%clk 0:07:52]} Rxe6 {[%clk 0:03:11]} 23. Qxd7 {[%clk 0:07:03]} h5+
{[%clk 0:02:45]} 24. Kf4 {[%clk 0:06:44]} g5+ {[%clk 0:02:37]} 25. Kf5
{[%clk 0:05:32]} Qh3+ {[%clk 0:02:27]} 0-1

[Event "3e Open de Bastia"]
[Site "Bastia"]
[Date "2023.07.10"]
[Round "7.2"]
[White "Fedorchuk, Sergey A."]
[Black "Anwesh, Upadhyaya"]
[Result "1-0"]
[BlackElo "2356"]
[WhiteElo "2589"]
[LiveChessVersion "1.4.6"]

1. e4 {[%clk 0:15:03]} e5 {[%clk 0:15:04]} 2. Nf3 {[%clk 0:15:04]} Nc6
{[%clk 0:15:05]} 3. Bb5 {[%clk 0:15:03]} a6 {[%clk 0:15:06]} 4. Ba4
{[%clk 0:15:05]} Nf6 {[%clk 0:15:06]} 5. O-O {[%clk 0:15:04]} b5 {[%clk 0:15:07]}
6. Bb3 {[%clk 0:15:06]} Be7 {[%clk 0:15:08]} 7. d3 {[%clk 0:14:57]} O-O
{[%clk 0:15:05]} 8. Nc3 {[%clk 0:14:49]} d6 {[%clk 0:14:39]} 9. a3
{[%clk 0:14:49]} Bb7 {[%clk 0:14:04]} 10. Bd2 {[%clk 0:13:22]} Qd7
{[%clk 0:13:57]} 11. a4 {[%clk 0:13:16]} Na5 {[%clk 0:12:10]} 12. Ba2
{[%clk 0:13:16]} b4 {[%clk 0:11:58]} 13. Ne2 {[%clk 0:12:33]} c5 {[%clk 0:11:58]}
14. Ng3 {[%clk 0:12:33]} Nc6 {[%clk 0:10:40]} 15. Nf5 {[%clk 0:11:50]} Rae8
{[%clk 0:10:09]} 16. Nxe7+ {[%clk 0:11:05]} Qxe7 {[%clk 0:10:08]} 17. Bg5
{[%clk 0:11:06]} h6 {[%clk 0:09:41]} 18. Bh4 {[%clk 0:11:08]} Nd8
{[%clk 0:09:11]} 19. c3 {[%clk 0:10:43]} Ne6 {[%clk 0:08:54]} 20. a5
{[%clk 0:10:28]} g5 {[%clk 0:08:07]} 21. Bg3 {[%clk 0:10:30]} Kg7
{[%clk 0:07:43]} 22. Bc4 {[%clk 0:10:26]} Nh5 {[%clk 0:06:48]} 23. cxb4
{[%clk 0:07:54]} cxb4 {[%clk 0:06:49]} 24. Ra4 {[%clk 0:07:56]} Nhf4
{[%clk 0:05:44]} 25. Rxb4 {[%clk 0:07:00]} d5 {[%clk 0:04:36]} 26. Rxb7
{[%clk 0:07:01]} Qxb7 {[%clk 0:04:38]} 27. exd5 {[%clk 0:07:03]} Nxd5
{[%clk 0:04:17]} 28. Bxe5+ {[%clk 0:06:25]} f6 {[%clk 0:04:18]} 29. Bd6
{[%clk 0:06:27]} Rf7 {[%clk 0:04:10]} 30. Re1 {[%clk 0:06:19]} Rd7
{[%clk 0:04:10]} 31. Qa4 {[%clk 0:05:39]} Rdd8 {[%clk 0:03:47]} 32. h4
{[%clk 0:04:11]} Kf7 {[%clk 0:03:30]} 33. Ba3 {[%clk 0:02:06]} Nef4
{[%clk 0:03:20]} 34. Rxe8 {[%clk 0:01:29]} Rxe8 {[%clk 0:02:11]} 35. g3
{[%clk 0:01:32]} Ne6 {[%clk 0:01:59]} 36. Nd2 {[%clk 0:01:15]} f5
{[%clk 0:01:48]} 37. Nf3 {[%clk 0:01:16]} Nf6 {[%clk 0:01:33]} 38. hxg5
{[%clk 0:00:23]} Ng4 {[%clk 0:00:41]} 39. g6+ {[%clk 0:00:22]} Kf6
{[%clk 0:00:33]} 40. Qxe8 {[%clk 0:00:24]} Qxf3 {[%clk 0:00:18]} 41. Qxe6+
{[%clk 0:00:21]} Kg5 {[%clk 0:00:20]} 42. Qe7+ {[%clk 0:00:16]} Kh5
{[%clk 0:00:17]} 43. Qe1 {[%clk 0:00:14]} f4 {[%clk 0:00:07]} 44. Be6
{[%clk 0:00:12]} fxg3 {[%clk 0:00:04]} 45. Bxg4+ {[%clk 0:00:14]} Kxg4
{[%clk 0:00:06]} 46. fxg3 {[%clk 0:00:16]} Kg5 {[%clk 0:00:06]} 47. Qe5+
{[%clk 0:00:16]} Kxg6 {[%clk 0:00:07]} 48. Qe4+ {[%clk 0:00:19]} 1-0

[Event "3e Open de Bastia"]
[Site "Bastia"]
[Date "2023.07.10"]
[Round "7.3"]
[White "Bulmaga, Irina"]
[Black "Degraeve, Remy"]
[Result "1-0"]
[BlackElo "2467"]
[WhiteElo "2416"]
[LiveChessVersion "1.4.6"]

1. e4 {[%clk 0:15:04]} c5 {[%clk 0:15:06]} 2. Nf3 {[%clk 0:15:03]} Nc6
{[%clk 0:15:07]} 3. Bb5 {[%clk 0:15:03]} e6 {[%clk 0:15:09]} 4. O-O
{[%clk 0:15:03]} Nge7 {[%clk 0:15:12]} 5. Re1 {[%clk 0:15:02]} Nd4
{[%clk 0:15:09]} 6. Nxd4 {[%clk 0:14:56]} cxd4 {[%clk 0:15:10]} 7. c3
{[%clk 0:14:55]} a6 {[%clk 0:15:12]} 8. Bf1 {[%clk 0:14:46]} Nc6 {[%clk 0:15:14]}
9. Na3 {[%clk 0:14:02]} Bc5 {[%clk 0:15:13]} 10. b4 {[%clk 0:13:48]} Ba7
{[%clk 0:15:15]} 11. Bb2 {[%clk 0:11:31]} O-O {[%clk 0:12:03]} 12. Nc2
{[%clk 0:11:16]} dxc3 {[%clk 0:10:32]} 13. dxc3 {[%clk 0:11:17]} b5
{[%clk 0:10:18]} 14. a4 {[%clk 0:10:59]} Bb7 {[%clk 0:10:20]} 15. Nd4
{[%clk 0:10:08]} f5 {[%clk 0:09:24]} 16. axb5 {[%clk 0:09:17]} Nxd4
{[%clk 0:09:21]} 17. cxd4 {[%clk 0:09:15]} axb5 {[%clk 0:09:12]} 18. d5
{[%clk 0:08:12]} Qb6 {[%clk 0:07:06]} 19. Re3 {[%clk 0:04:56]} fxe4
{[%clk 0:04:58]} 20. Rxa7 {[%clk 0:04:29]} Qxa7 {[%clk 0:04:54]} 21. Bd4
{[%clk 0:04:13]} Qa2 {[%clk 0:04:44]} 22. Rg3 {[%clk 0:03:51]} e5
{[%clk 0:04:01]} 23. Rxg7+ {[%clk 0:02:44]} Kxg7 {[%clk 0:04:03]} 24. Qg4+
{[%clk 0:02:43]} Kf7 {[%clk 0:03:57]} 25. Qf5+ {[%clk 0:02:14]} Kg7
{[%clk 0:03:04]} 26. Qxe5+ {[%clk 0:01:37]} Kf7 {[%clk 0:02:54]} 27. Qg7+
{[%clk 0:00:22]} Ke8 {[%clk 0:02:52]} 28. Qe5+ {[%clk 0:00:24]} Kf7
{[%clk 0:02:52]} 29. Qg7+ {[%clk 0:00:16]} Ke8 {[%clk 0:02:54]} 30. Bc5
{[%clk 0:00:19]} Kd8 {[%clk 0:00:57]} 31. Qxf8+ {[%clk 0:00:19]} Kc7
{[%clk 0:01:00]} 32. Qd6+ {[%clk 0:00:21]} Kd8 {[%clk 0:00:59]} 33. Qf8+
{[%clk 0:00:16]} Kc7 {[%clk 0:01:02]} 34. Qf4+ {[%clk 0:00:18]} Kd8
{[%clk 0:00:43]} 35. Qf6+ {[%clk 0:00:16]} Kc8 {[%clk 0:00:21]} 36. Bb6
{[%clk 0:00:18]} Bxd5 {[%clk 0:00:10]} 37. Qd8+ Kb7 38. Qc7+ {[%clk 0:00:11]} Ka6
{[%clk 0:00:15]} 39. Be3 {[%clk 0:00:06]} 1-0

[Event "3e Open de Bastia"]
[Site "Bastia"]
[Date "2023.07.10"]
[Round "7.4"]
[White "Rakotomaharo, Fy Antenaina"]
[Black "Nevednichy, Vladislav"]
[Result "1-0"]
[BlackElo "2453"]
[WhiteElo "2463"]
[LiveChessVersion "1.4.6"]

1. e4 {[%clk 0:15:04]} c5 {[%clk 0:15:04]} 2. Nf3 {[%clk 0:15:05]} d6
{[%clk 0:15:04]} 3. d4 {[%clk 0:15:04]} cxd4 {[%clk 0:15:06]} 4. Nxd4
{[%clk 0:15:06]} Nf6 {[%clk 0:15:08]} 5. Nc3 {[%clk 0:15:07]} Nc6
{[%clk 0:15:10]} 6. Bg5 {[%clk 0:15:03]} e6 {[%clk 0:15:07]} 7. Qd2
{[%clk 0:15:02]} a6 {[%clk 0:15:08]} 8. O-O-O {[%clk 0:14:58]} Bd7
{[%clk 0:15:09]} 9. Kb1 {[%clk 0:14:51]} Be7 {[%clk 0:15:01]} 10. Nxc6
{[%clk 0:14:47]} Bxc6 {[%clk 0:14:40]} 11. f3 {[%clk 0:14:48]} b5
{[%clk 0:14:03]} 12. Bd3 {[%clk 0:14:12]} b4 {[%clk 0:13:40]} 13. Ne2
{[%clk 0:14:13]} Qb6 {[%clk 0:12:24]} 14. Be3 Qb7 {[%clk 0:12:17]} 15. Nd4
{[%clk 0:13:55]} O-O {[%clk 0:09:40]} 16. Nxc6 {[%clk 0:12:18]} Qxc6
{[%clk 0:09:41]} 17. Qxb4 {[%clk 0:12:19]} Rfb8 {[%clk 0:09:43]} 18. Qc4
{[%clk 0:12:15]} Qb7 {[%clk 0:09:44]} 19. Bc1 {[%clk 0:12:16]} a5
{[%clk 0:09:21]} 20. a4 {[%clk 0:10:07]} Nd7 {[%clk 0:08:14]} 21. Qa2
{[%clk 0:10:07]} Ne5 {[%clk 0:07:20]} 22. Bb5 {[%clk 0:09:59]} Rc8
{[%clk 0:07:21]} 23. Bf4 {[%clk 0:09:00]} Qc7 {[%clk 0:07:19]} 24. Rd2
{[%clk 0:08:45]} Ng6 {[%clk 0:06:20]} 25. Be3 {[%clk 0:08:26]} h5
{[%clk 0:05:57]} 26. Rhd1 {[%clk 0:08:21]} h4 {[%clk 0:05:58]} 27. g3
{[%clk 0:08:09]} Ne5 {[%clk 0:05:28]} 28. Be2 {[%clk 0:08:10]} Rab8
{[%clk 0:05:17]} 29. f4 {[%clk 0:07:48]} Nc6 {[%clk 0:05:01]} 30. Bb5
{[%clk 0:07:42]} Nb4 {[%clk 0:04:44]} 31. Qb3 {[%clk 0:07:43]} Qb7
{[%clk 0:04:42]} 32. e5 {[%clk 0:07:14]} d5 {[%clk 0:04:43]} 33. f5
{[%clk 0:06:58]} Nc6 {[%clk 0:03:53]} 34. fxe6 {[%clk 0:06:28]} fxe6
{[%clk 0:03:53]} 35. c4 {[%clk 0:06:18]} Nb4 {[%clk 0:01:59]} 36. cxd5
{[%clk 0:04:49]} Nxd5 {[%clk 0:01:59]} 37. Rxd5 {[%clk 0:04:50]} exd5
{[%clk 0:02:00]} 38. Rxd5 {[%clk 0:04:53]} Kh8 {[%clk 0:02:02]} 39. e6
{[%clk 0:04:54]} Rd8 {[%clk 0:01:34]} 40. Rh5+ {[%clk 0:04:45]} Kg8
{[%clk 0:01:37]} 41. Qc2 {[%clk 0:04:47]} 1-0

[Event "3e Open de Bastia"]
[Site "Bastia"]
[Date "2023.07.10"]
[Round "7.5"]
[White "Yankelevich, Lev"]
[Black "Carnicelli, Valerio"]
[Result "1-0"]
[BlackElo "2344"]
[WhiteElo "2442"]
[LiveChessVersion "1.4.6"]

1. d4 {[%clk 0:15:01]} Nf6 {[%clk 0:15:04]} 2. c4 {[%clk 0:15:03]} g6
{[%clk 0:15:05]} 3. g3 {[%clk 0:15:05]} Bg7 {[%clk 0:15:07]} 4. Bg2
{[%clk 0:15:07]} O-O {[%clk 0:15:09]} 5. Nc3 {[%clk 0:15:08]} d6 {[%clk 0:15:11]}
6. Nf3 {[%clk 0:15:10]} c5 {[%clk 0:15:13]} 7. d5 {[%clk 0:15:10]} e6
{[%clk 0:15:09]} 8. O-O {[%clk 0:15:11]} exd5 {[%clk 0:15:11]} 9. cxd5
{[%clk 0:15:12]} Re8 {[%clk 0:15:06]} 10. a4 {[%clk 0:15:14]} Ne4
{[%clk 0:14:37]} 11. Nxe4 {[%clk 0:15:13]} Rxe4 {[%clk 0:14:39]} 12. Nd2
{[%clk 0:15:15]} Rb4 {[%clk 0:14:28]} 13. Qc2 {[%clk 0:13:08]} b6
{[%clk 0:13:41]} 14. Ra2 {[%clk 0:12:51]} Ba6 {[%clk 0:13:41]} 15. Re1
{[%clk 0:12:25]} c4 {[%clk 0:12:44]} 16. Ne4 {[%clk 0:11:53]} f5 {[%clk 0:12:32]}
17. Ng5 {[%clk 0:10:17]} Nd7 {[%clk 0:10:36]} 18. Ne6 {[%clk 0:10:08]} Qf6
{[%clk 0:09:20]} 19. Bg5 {[%clk 0:09:32]} Qe5 {[%clk 0:08:44]} 20. Bf4
{[%clk 0:08:27]} Qf6 {[%clk 0:08:46]} 21. Nc7 {[%clk 0:06:19]} Bb7
{[%clk 0:08:46]} 22. Nxa8 {[%clk 0:06:20]} Bxa8 {[%clk 0:08:49]} 23. Rb1
{[%clk 0:04:29]} Nc5 {[%clk 0:07:07]} 24. Bd2 {[%clk 0:04:18]} Rb3
{[%clk 0:07:10]} 25. Qxc4 {[%clk 0:02:29]} Bb7 {[%clk 0:06:01]} 26. Qc2
{[%clk 0:02:09]} Qf7 {[%clk 0:05:10]} 27. Be3 {[%clk 0:01:10]} Rxe3
{[%clk 0:04:46]} 28. fxe3 {[%clk 0:01:11]} Bxd5 {[%clk 0:04:16]} 29. Bxd5
{[%clk 0:01:12]} Qxd5 {[%clk 0:04:18]} 30. b4 {[%clk 0:01:02]} Bh6
{[%clk 0:03:33]} 31. Ra3 {[%clk 0:00:58]} Ne6 {[%clk 0:03:35]} 32. Rd1
{[%clk 0:00:47]} Qe5 {[%clk 0:03:28]} 33. Qc3 {[%clk 0:00:48]} Qe4
{[%clk 0:03:21]} 34. Qd3 {[%clk 0:00:34]} Qxb4 {[%clk 0:03:05]} 35. Qxd6
{[%clk 0:00:13]} Nc5 {[%clk 0:03:07]} 36. Rad3 {[%clk 0:00:11]} Qxa4
{[%clk 0:01:54]} 37. Qd5+ {[%clk 0:00:08]} Kg7 {[%clk 0:01:00]} 38. Qe5+
{[%clk 0:00:10]} Kf7 {[%clk 0:01:02]} 39. Rd8 {[%clk 0:00:10]} Qc6
{[%clk 0:00:52]} 40. Rh8 {[%clk 0:00:08]} Bg7 {[%clk 0:00:43]} 41. Rxh7
{[%clk 0:00:10]} Ne6 {[%clk 0:00:46]} 42. Qd6 {[%clk 0:00:08]} Qe4
{[%clk 0:00:36]} 43. Qd3 {[%clk 0:00:07]} Qe5 {[%clk 0:00:29]} 44. Rh4
{[%clk 0:00:09]} a5 {[%clk 0:00:24]} 45. Rc4 {[%clk 0:00:11]} Kg8
{[%clk 0:00:23]} 46. Rc8+ {[%clk 0:00:13]} Kh7 {[%clk 0:00:25]} 47. Re8
{[%clk 0:00:14]} Nc5 {[%clk 0:00:15]} 48. Rxe5 {[%clk 0:00:10]} Nxd3
{[%clk 0:00:17]} 49. Rb5 {[%clk 0:00:11]} Nb2 {[%clk 0:00:15]} 50. Rd7
{[%clk 0:00:11]} Nc4 {[%clk 0:00:17]} 51. Rc7 {[%clk 0:00:12]} Nxe3
{[%clk 0:00:16]} 52. Re5 {[%clk 0:00:10]} f4 {[%clk 0:00:12]} 53. Ree7
{[%clk 0:00:11]} Nf5 {[%clk 0:00:13]} 54. Rf7 {[%clk 0:00:12]} fxg3
{[%clk 0:00:13]} 55. e4 {[%clk 0:00:14]} gxh2+ {[%clk 0:00:05]} 56. Kxh2
{[%clk 0:00:15]} 1-0